Caso sobre dispensa de matrimonio. Pedro tuvo un hijo de María su mujer del cual en el bautismo fue madrina Francisca, sucedió que murió María y Pedro no teniendo noticia de que fue Francisca hubiese sido madrina de su hijo, por estar él ausente y ella no advirtiendo en ello, se casaron los dos

Detalles Bibliográficos
Formato: Libro
Publicado: s.l., s.f.
Materias:
Colección:Banco de datos
Acervo:Biblioteca Palafoxiana. Colección de Manuscritos
Descripción Física:1 f. ; 21 x 30 cm.
Tema general:Eclesiástica
LEADER 00607nam a22001330004500
035 |a 1482 
245 1 0 |a Caso sobre dispensa de matrimonio. Pedro tuvo un hijo de María su mujer del cual en el bautismo fue madrina Francisca, sucedió que murió María y Pedro no teniendo noticia de que fue Francisca hubiese sido madrina de su hijo, por estar él ausente y ella no advirtiendo en ello, se casaron los dos 
260 |a s.l., s.f. 
300 |a 1 f. ; 21 x 30 cm.  
650 1 0 |a Eclesiástica 
949 |a 32280/237 
942 |c PALAMANU 
943 |g Biblioteca Palafoxiana. Colección de Manuscritos 
999 |c 1069427  |d 1069427